Vista normal Vista MARC

Entrada Topical Term

Número de registros utilizados en: 1

001 - CONTROL NUMBER

  • control field: 39154

003 - CONTROL NUMBER IDENTIFIER

  • control field: OSt

005 - DATE AND TIME OF LATEST TRANSACTION

  • control field: 20210806110214.0

008 - FIXED-LENGTH DATA ELEMENTS

  • fixed length control field: 210806|| aca||aabn | a|a d

040 ## - CATALOGING SOURCE

  • Original cataloging agency: OSt
  • Transcribing agency: OSt

150 ## - HEADING--TOPICAL TERM

  • Topical term or geographic name entry element: Servicios financieros
  • General subdivision: Innovación

670 ## - SOURCE DATA FOUND

  • Source citation: Work cat.: (OSt)8260: 16777, Soluciones de pago para modernizar las economías / , 2004